50 najbiedniejszych państw świata - Statystyki

Ogólne statystyki
  • Ten quiz został rozwiązany 158 razy
  • Średni wynik to 24 z 50
Statystyki odpowiedzi
PKB państwa (w mln dolarów) Państwo % Poprawnych
13 953 Somalia
68%
9 470 Burundi
63%
21 012 Kongo
63%
20 240 Haiti
62%
11 533 Sudan Południowy
62%
6 419 Erytrea
61%
5 602 Dżibuti
60%
4 197 Timor Wschodni
60%
278 Palau
59%
362 Mikronezja
58%
125 Nauru
58%
1 660 Wyspy Salomona
58%
855 Vanuatu
57%
216 Wyspy Marshalla
56%
12 550 Fidżi
54%
13 394 Togo
54%
49 Tuvalu
54%
924 Dominika
53%
251 Kiribati
53%
4 111 Republika Zielonego Przylądka
53%
882 Wyspy Świętego Tomasza i Książęca
52%
1 168 Samoa
51%
8 912 Bhutan
50%
10 308 Eswatini
50%
6 164 Lesotho
50%
1 456 Saint Kitts i Nevis
50%
2 934 Seszele
50%
616 Tonga
50%
2 943 Saint Lucia
49%
5 439 Gambia
48%
1 438 Saint Vincent i Grenadyny
48%
2 181 Antigua i Barbuda
47%
4 678 Barbados
47%
4 314 Gwinea Bissau
46%
2 010 Grenada
45%
21 224 Kosowo
45%
2 716 Komory
44%
20 363 Malawi
42%
2 786 Belize
41%
10 511 Malediwy
41%
4 675 Republika Środkowoafrykańska
41%
10 013 Surinam
40%
10 673 Gujana
38%
13 898 Sierra Leone
38%
23 160 Malta
37%
7 328 Liberia
34%
15 061 Bahamy
33%
13 914 Czarnogóra
30%
2 124 San Marino
30%
21 050 Islandia
11%
Nie znaleziono quizów pasujących do podanych kryteriów
Rozkład punktacji
Procent ludzi z każdym wynikiem
Percentyl według liczby udzielonych odpowiedzi
Twoja historia wyników
Nie rozwiązałeś tego quizu